<?xml version="1.0" encoding="UTF-8"?><?xml-stylesheet type="text/xsl" href="static/style.xsl"?><OAI-PMH xmlns="http://www.openarchives.org/OAI/2.0/" xmlns:xsi="http://www.w3.org/2001/XMLSchema-instance" xsi:schemaLocation="http://www.openarchives.org/OAI/2.0/ http://www.openarchives.org/OAI/2.0/OAI-PMH.xsd"><responseDate>2026-06-01T09:55:27Z</responseDate><request verb="GetRecord" identifier="oai:riuma.uma.es:10630/13177" metadataPrefix="marc">https://riuma.uma.es/rest/oai/request</request><GetRecord><record><header><identifier>oai:riuma.uma.es:10630/13177</identifier><datestamp>2026-02-03T12:39:25Z</datestamp><setSpec>com_10630_2254</setSpec><setSpec>col_10630_37957</setSpec></header><metadata><record xmlns="http://www.loc.gov/MARC21/slim" xmlns:dcterms="http://purl.org/dc/terms/" xmlns:doc="http://www.lyncode.com/xoai" xmlns:xsi="http://www.w3.org/2001/XMLSchema-instance" xsi:schemaLocation="http://www.loc.gov/MARC21/slim http://www.loc.gov/standards/marcxml/schema/MARC21slim.xsd">
   <leader>00925njm 22002777a 4500</leader>
   <datafield ind2=" " ind1=" " tag="042">
      <subfield code="a">dc</subfield>
   </datafield>
   <datafield ind2=" " ind1=" " tag="720">
      <subfield code="a">Padial Garrido, Cristina Alba</subfield>
      <subfield code="e">author</subfield>
   </datafield>
   <datafield ind2=" " ind1=" " tag="260">
      <subfield code="c">2016</subfield>
   </datafield>
   <datafield ind2=" " ind1=" " tag="520">
      <subfield code="a">Iberia by Isaac Albéniz is a piano masterpiece and a crucial piece in the Spanish musical panorama. In order to understand it and interpret it correctly, we need to analyse its historical context and the musical events that occurred during the life of Albéniz. Firstly, great changes in the Spanish musical scene during the second half of the 19th century (the debate for the creation of the National Opera, the Spanish Zarzuela, musical nationalism and the exaltation of popular music). Secondly, the separation between flamenco and folklore through the professionalisation of flamenco artists in the so-called café-cantantes. Finally, it is worth mentioning the French modernism that would accompany Albéniz in the change of the century.&#xd;
Being a formal musical composition, Iberia is impregnated with Spanish popular music elements recreated by the author. The main objective of this study is to identify those elements and then understand their process of elaboration.</subfield>
   </datafield>
   <datafield ind1="8" ind2=" " tag="024">
      <subfield code="a">http://hdl.handle.net/10630/13177</subfield>
   </datafield>
   <datafield tag="653" ind2=" " ind1=" ">
      <subfield code="a">Albéniz, Isaac. Iberia - Crítica e interpretación - Tesis doctorales</subfield>
   </datafield>
   <datafield ind2="0" ind1="0" tag="245">
      <subfield code="a">Música y polisemia. Folklore y Flamenco en Iberia de Albéniz</subfield>
   </datafield>
</record>
</metadata></record></GetRecord></OAI-PMH>